000 00644nam a22002177a 4500
003 UA-OsUOA
001 41003
007 ta
008 20080709b un ||||| |||| 00| 0 ukr d
090 _a050
_bН17
942 _cMG
040 _aUA-OsUOA
_bukr
_cUA-OsUOA
_dUA-OsUOA
245 _aНад Бугом і Нарвою
955 _a4
041 _aukr
080 _a050
260 _c2007
310 _a2007: Число 5(93), 6(94)
650 7 _a050 Серійні публікації. Періодика галузі, Організація та інші типи поєднання (співробітництва)
_2UDC
999 _c439508
_d439508